Stefa Isle

Bibliographic Details
Main Author: H.M. Tuah Iskandar
Format: Book
Published: Kuala Lumpur : Creative Enterprise , 2000
Subjects:

MARC

LEADER 00000cam a2200000 7i4500
001 0000016328
005 20060307.0
020 |a 983124043X 
040 |a INS 
090 0 0 |a PL5136   |b HMT 2000 
100 0 |a H.M. Tuah Iskandar 
245 1 0 |a Stefa Isle   |c H. M. Tuah Iskandar 
260 |a Kuala Lumpur :   |b Creative Enterprise ,   |c 2000 
300 |a 254p ;   |c 18cm. 
650 0 0 |a Malay fiction 
999 |a 0000016489   |b BOOK   |c Open Shelf   |e Default branch